| 000 | 00336nam a2200121Ia 4500 | ||
|---|---|---|---|
| 008 | 220217s9999||||xx |||||||||||||| ||und|| | ||
| 082 | _a621.381 3 BAR | ||
| 100 |
_aBarapte, R.A _92888 |
||
| 245 | 0 | _aMicrowave circuits and devices | |
| 260 |
_aTech-max publications _bPune _c2002 |
||
| 300 | _b295 | ||
| 650 | _aMICROWAVE ENGINEERING | ||
| 999 |
_c170209 _d170209 |
||